| 000 | 00636pam a2200229 a 4500 | ||
|---|---|---|---|
| 001 | 3352546 | ||
| 005 | 20171219042730.0 | ||
| 008 | 861030s1987 nyua b 001 0 eng | ||
| 010 | _a 86028536 | ||
| 020 | _a0195049675 (alk. paper) | ||
| 040 |
_aDLC _cDLC _dDLC |
||
| 041 | _aeng | ||
| 043 | _an-us--- | ||
| 080 | _a353.0409 HIG | ||
| 082 | 0 | 0 |
_a353.0409 HIG _219 |
| 100 | 1 | _a19 | |
| 101 | _aPOL | ||
| 245 | 1 | 0 |
_aCrisis and leviathan : _cRobert Higgs. |
| 504 | _aBibliography: p. 325-339. | ||
| 906 |
_a7 _bcbc _corignew _d1 _eocip _f19 _gy-gencatlg |
||
| 942 |
_2ddc _cBK |
||
| 999 |
_c39154 _d39154 |
||